Normal view
MARC view
- Robotics and intelligent Machines - MS Thesis
Entry Topical Term
001 - CONTROL NUMBER
- control field: 17436
003 - CONTROL NUMBER IDENTIFIER
- control field: NUST
005 - DATE AND TIME OF LATEST TRANSACTION
- control field: 20190712064804.0
008 - FIXED-LENGTH DATA ELEMENTS
- fixed length control field: 190712|| aca||aabn | a|a d
040 ## - CATALOGING SOURCE
- Original cataloging agency: NUST
- Transcribing agency: NUST
150 ## - HEADING--TOPICAL TERM
- Topical term or geographic name entry element: Robotics and intelligent Machines - MS Thesis
670 ## - SOURCE DATA FOUND
- Source citation: Work cat.: (NUST): Yousuf, Saad Bin 17435, Attire Classification and Detection /, 2018.
